00379 2200157 4500001002100000005001500021035002000036245004000056100001500096300002600111260002800137082000800165084001400173020002200187990001200209INLIS00000000000302020250918105527 a0010-09250003671 aCinta Setengah Monyet /cPutra Alam0 aPutra Alam a143 hlm ;c13 x 19 cm aJakarta :bZettu,c2012 a813 a813 PUT c a978-602-1827-18-5 a0755616